Directory of Syrian public sector : establishments & companies.
| Format: | Book |
|---|---|
| Published: |
[s.l]:
Damascus Chamber of Commerce,
[199-].
|
| Subjects: |
| LEADER | 00449cam a2200133 7i4500 | ||
|---|---|---|---|
| 001 | 0000007610 | ||
| 005 | 20000512090000.0 | ||
| 090 | 0 | 0 | |a SYRA 352.63025 |b DIR |
| 245 | 0 | 0 | |a Directory of Syrian public sector : |b establishments & companies. |
| 260 | 0 | 0 | |a [s.l]: |b Damascus Chamber of Commerce, |c [199-]. |
| 300 | # | # | |a 248 p. |
| 650 | 0 | 0 | |a Public services -- |x Directories -- |z Syria |
| 651 | 0 | 0 | |a Syria |
| 999 | |a 0000011139 |b Directories |c Countries |e Business Information Centre | ||